Nový typ bakalárskeho štúdia na Fakulte mechatroniky Trenčianskej univerzity v Trenčíne

Bibliographic Details
Main Author: Ponický, Peter, 1956- (Author)
Format: Article
Language:Slovak
ISBN:808068006X
Subjects:

MARC

LEADER 00000nab a2200000 a 4500
001 vtls010653559
003 SK-MaSNL
005 20260305023838.0
008 150210c2001 xo wr p 000 a0slo
015 |a SNBRA2015/02 
038 |a SVKPOCL 
040 |a SVKPOCL  |b slo  |c SVKPOCL  |e AACR2 
041 0 |a slo  |b slo 
044 |a xo  |c SK 
080 |a 378  |2 2001 
080 |a 378-057.8  |2 2001 
080 |a 80(=16)+908(4)  |2 2001 
080 |a (048.8)  |2 2001 
080 |a 351.851  |2 2001 
080 |a 332  |2 2001 
100 1 |a Ponický, Peter,  |d 1956-  |4 aut 
245 1 0 |a Nový typ bakalárskeho štúdia na Fakulte mechatroniky Trenčianskej univerzity v Trenčíne  |c Peter Ponický, SR ; lektoroval Štefan Husár 
500 |a Obsahuje abstrakt v agličtine 
504 |a Bibliogr. odkazy 
546 |a Res. slov. 
610 2 7 |a Trenčianska univerzita v Trenčíne.  |b Fakulta mechatroniky  |2 svkpocl  |9 260379 
650 0 7 |a vysoké školy  |2 svkpocl  |9 1277 
650 0 7 |a bakalárske štúdium  |2 svkpocl  |9 4045 
650 0 7 |a slavistika  |2 svkpocl  |9 4282 
650 0 7 |a absolventi vysokých škôl  |2 svkpocl  |9 2784 
650 0 7 |a regióny  |2 svkpocl  |9 2350 
650 0 7 |a uplatnenie  |2 svkpocl  |9 877778 
651 7 |a Trenčín (Slovensko)  |2 svkpocl  |9 159956 
655 7 |a štúdie  |2 svkpocl  |9 57033 
700 1 |a Husár, Štefan  |4 oth  |9 280408 
773 0 |a Pavelka, Jozef, 1937- (ed)  |t Ôsmy DIDMATTECH 2000 : [zborník príspevkov z Medzinárodnej konferencie DIDMATTECH 2000, konanej v Prešove 5.-6. 9. 2000]. Časť II.  |d Prešov : Fakulta humanitných a prírodných vied Prešovskej univerzity, 2001  |g S. 328-331  |z 808068006X 
852 |a SVKPO  |b KIS3GCP 
958 |a SK 
958 |a SS 
958 |a NB 
999 |c 3299359  |d 3301289